Hóa học vô cơ T.2

Uloženo v:
Podrobná bibliografie
Hlavní autor: Hoàng, Nhâm
Médium: Kniha
Jazyk:Undetermined
Vydáno: H. Giáo dục 2003
Témata:
On-line přístup:http://lrc.tdmu.edu.vn/opac/search/detail.asp?aID=2&ID=6003
Tagy: Přidat tag
Žádné tagy, Buďte první, kdo otaguje tento záznam!
Thư viện lưu trữ: Trung tâm Học liệu Trường Đại học Thủ Dầu Một
LEADER 00643nam a2200217Ia 4500
001 TDMU_6003
008 210410s9999 xx 000 0 und d
082 |a 546 
090 |b H407 
100 |a Hoàng, Nhâm 
245 0 |a Hóa học vô cơ 
245 0 |c Hoàng Nhâm 
245 0 |n T.2 
245 0 |p Các nguyên tố hóa học điển hình 
260 |a H. 
260 |b Giáo dục 
260 |c 2003 
300 |a 291tr 
650 |a Hóa học vô cơ  |x Nguyên tố 
856 |u http://lrc.tdmu.edu.vn/opac/search/detail.asp?aID=2&ID=6003 
980 |a Trung tâm Học liệu Trường Đại học Thủ Dầu Một